| 000 | 00858nam a22002177a 4500 | ||
|---|---|---|---|
| 999 |
_c18605 _d18605 |
||
| 003 | AR-CdUCM | ||
| 008 | 190504b ||||| |||| 00| 0 spa d | ||
| 040 |
_aMUNICIPALIDAD PROVINCIAL DEL CUSCO _cBIBLIOTECA MUNICIPAL DEL CUSCO |
||
| 082 |
_a372.3 / _bH85 |
||
| 100 |
_aHubert, René _95360 |
||
| 245 |
_aEl desarrollo mental : _bEstudio de psicogenetica / |
||
| 260 |
_aBuenos Aires : _bKapelusz, _c1959. |
||
| 300 |
_a335 paginas ; _c22 cm. |
||
| 440 |
_aBiblioteca de ciencias de la educación _n6 _936326 |
||
| 500 | _aSegunda parte. | ||
| 505 | _aContenido: La adolescencia -- La fase de la pre adolescencia -- La fase de la adolescencia -- La fase de la maduración -- La estructuración del carácter: normales y anormales ... | ||
| 650 |
_aAdolescencia. _9127 |
||
| 650 |
_aPsicogenetica _936328 |
||
| 942 |
_2ddc _cLIBROS |
||
| 945 |
_arum _d2019-05-14 |
||